00972nam a2200277 i 450000100060000000300090000600500170001500700030003200800410003502000180007608000100009408000140010410000370011824501070015526000550026230000340031749000670035165000250041865000260044365000330046965000270050270000340052970000250056383000660058885200400065468342ES-MaACL20250729053850.0t|040622s2002 xxu ||||1| eng d a1-58488-256-5 a536.2 a532.5(04)1 aNepomnyashchy, Alexander A.eaut10aInterfacial phenomena and convection / cAlexander A. Nepomnyashchy, Manuel G. Velarde, Pierre Colinet aBoca Raton, USA : bChapman and Hall/CRC, c[2002] aXVII, 365 páginas ; c24 cm1 aMonographs and surveys in pure and applied mathematics ; v124 4aCalor-xConvección 7aCalor-xTransmisión 7aMecánica de fluidos2embne 7aHidrodinámica2embne1 aGarcía Velarde, Manueleaut1 aColinet, Pierreeaut 0aMonographs and surveys in pure and applied mathematics ;v124 aES-MaACLbR.133867cDEPO2jL-28022